000 00839nam a2200133Ia 4500
008 171212s9999 xx 000 0 und d
020 _a9780833039651
100 _aBonomo, James;Bergamo, Giacomo;Frelinger, David R.;Gordon, John IV;Jackson, Brian A.;James Bonomo, ;Giacomo Bergamo, ;David R. Frelinger, ;John Gordon IV, ;Brian A. Jackson,
245 _cBonomo, James;Bergamo, Giacomo;Frelinger, David R.;Gordon, John IV;Jackson, Brian A.;James Bonomo, ;Giacomo Bergamo, ;David R. Frelinger, ;John Gordon IV, ;Brian A. Jackson,
_aStealing the Sword
_bLimiting Terrorist Use of Advanced Conventional Weapons
260 _bRAND Corporation
_c2007
650 _aPolitical Science
650 _aWeapons systems; Arms control; Terrorism -- Prevention; Terrorism -- United States -- Prevention
856 _uwww.jstor.org/stable/10.7249/mg510dhs
999 _c352563
_d352563